00757 a2200193 4500010001400000020001100014035001300025037001600038082001100054090001700065245007400082260003500156270013900191300003700330700002100367942002600388999001700414952013200431 aENG-89342 c900.00 aEN-72875 bDBAD / PUB14a954.09 c10789d107891 aThe legacy of Rajiv Gandhi:cedited by Sekhar Basu Roybnew approach/ aKolkatabSekhar Basu Roycn.d. aHastings Garden, 5, Hastings Park Road,bKolkatae700027mShekhar@cal.vsnl.net.incKolkatak24794466, 4477, 4499l2479-0088, 2448-2222 a240 p.c22 cm (pbk)bb&w photos1 aRoy, Sekhar Basu adplcENk954.09 / LEG c10492d10492 00102ddc40718NFICaDBADbDBADeDBAD/PUBg900.00l0o954.09pEN-72875r2008-09-15 00:00:00t1u11554v900.00w2008-09-15yEN